Score 0/24 Timer 02:00
0 Plays Today
Director Missing Word % Correct
Joel and Ethan CoenWhere
95.2%
Joel and Ethan CoenCountry
92.4%
Stanley KubrickWide
91.4%
Stanley KubrickClockwork
88.9%
Stanley KubrickFull
87.6%
Billy WilderHot
86.5%
Alfred HitchcockMurder
84.8%
Joel and Ethan CoenBurn
82.1%
Stanley KubrickOdyssey
77.1%
Alfred HitchcockNorthwest
76.6%
Billy WilderHole
71.7%
Alfred HitchcockKnew
70.6%
Director Missing Word % Correct
Joel and Ethan CoenRaising
67.9%
Joel and Ethan CoenLebowski
65.3%
Alfred HitchcockRear
58.4%
Billy WilderSunset
48.7%
Stanley KubrickBomb
45.1%
Billy WilderDouble
41.2%
Billy WilderProsecution
35.5%
Alfred HitchcockStrangers
26.3%
Stanley KubrickGlory
22.3%
Billy WilderLost
19.1%
Joel and Ethan CoenSimple
14.2%
Alfred HitchcockTorn
11.2%

Today's Daily Dose

Remove Ads.
Support Sporcle.
Get the best of Sporcle when you Go Orange. This ad-free experience offers more features, more stats, and more fun while also helping to support Sporcle. Thank you for becoming a member.

You're not logged in!

Compare scores with friends on all Sporcle quizzes.
OR
Log In

Show Comments

Extras

Top Quizzes Today


Score Distribution

Your Account Isn't Verified!

In order to create a playlist on Sporcle, you need to verify the email address you used during registration. Go to your Sporcle Settings to finish the process.

Report this User

Report this user for behavior that violates our Community Guidelines.

Details: